[Event "AUT-ch Vor4 Internet"]
[Site "Playchess.com INT"]
[Date "2020.04.25"]
[Round "5"]
[White "Grafenberger, Dieter"]
[Black "Kellner, Nikolaus"]
[Result "1/2-1/2"]
[WhiteElo "1953"]
[BlackElo "1693"]
[PlyCount "104"]
[EventDate "2020.04.25"]
[EventType "swiss (blitz)"]
[EventRounds "9"]
[EventCountry "AUT"]
[SourceTitle "EXT 2021"]
[Source "ChessBase"]
[SourceDate "2020.10.23"]
[SourceVersion "1"]
[SourceVersionDate "2020.10.23"]
[SourceQuality "1"]

1. e4 d5 2. exd5 Nf6 3. Nc3 Nxd5 4. Nxd5 Qxd5 5. d4 e5 6. Be3 Nc6 7. c3 exd4 8. cxd4 Bb4+ 9. Bd2 Qxd4 10. Bxb4 Qxd1+ 11. Kxd1 Nxb4 12. a3 Nd5 13. Kc2 Bf5+ 14. Bd3 Bxd3+ 15. Kxd3 0-0-0 16. Kc2 Rhe8 17. Rd1 Nf4 18. Rxd8+ Kxd8 19. g3 Ne2 20. Kd2 Nxg1 21. Rxg1 c5 22. Rc1 b6 23. Rc4 Kc7 24. b4 Kd6 25. bxc5+ bxc5 26. Ra4 Re7 27. Kd3 Kd5 28. f3 f5 29. Ra6 g6 30. h4 c4+ 31. Kd2 Rb7 32. Kc2 Kd4 33. Rc6 Rb3 34. Ra6 Rxf3 35. Rxa7 Rxg3 36. Rxh7 Rxa3 37. Rg7 Rh3 38. Rxg6 Rxh4 39. Rd6+ Ke5 40. Rd8 f4 41. Kd2 f3 42. Rf8 Ke4 43. Re8+ Kf4 44. Rf8+ Kg3 45. Ke3 Rg4 46. Rxf3+ Kg2 47. Rf2+ Kg3 48. Rc2 Rh4 49. Rc3 Kg2 50. Rc2+ Kg3 51. Rc1 Kg2 52. Rc2+ Kg3 1/2-1/2

[Event "AUT-ch Vor4 Internet"]
[Site "Playchess.com INT"]
[Date "2020.04.25"]
[Round "9"]
[White "Grafenberger, Dieter"]
[Black "Missethan, Michael"]
[Result "1-0"]
[WhiteElo "1953"]
[BlackElo "2015"]
[PlyCount "125"]
[EventDate "2020.04.25"]
[EventType "swiss (blitz)"]
[EventRounds "9"]
[EventCountry "AUT"]
[SourceTitle "EXT 2021"]
[Source "ChessBase"]
[SourceDate "2020.10.23"]
[SourceVersion "1"]
[SourceVersionDate "2020.10.23"]
[SourceQuality "1"]

1. d4 d5 2. Bg5 Nf6 3. e3 e6 4. f4 c5 5. c3 Nc6 6. Bd3 Be7 7. Bxf6 Bxf6 8. Nf3 cxd4 9. exd4 0-0 10. 0-0 Qb6 11. Qe2 Bd7 12. b3 Rac8 13. Nbd2 Rfd8 14. Rac1 Qa5 15. a4 Qb6 16. Ne5 Na5 17. b4 Nc6 18. Kh1 Ne7 19. g4 Bxa4 20. Ndf3 a6 21. Ng5 Bxe5 22. fxe5 Be8 23. Qf3 Ng6 24. Nxf7 Rd7 25. Ng5 Qd8 26. Nxe6 Qe7 27. Bf5 Rc6 28. Nf4 Rdc7 29. Nxg6 hxg6 30. Bb1 Bd7 31. h3 Be8 32. Kg2 Rc4 33. Qg3 R4c6 34. Rf3 Rc4 35. Rcf1 Bd7 36. Qf2 Rc8 37. Ba2 R4c7 38. Bxd5+ Be6 39. Qe2 Bxd5 40. Qe3 Bxf3+ 41. Qxf3 Rxc3 42. Qf4 Rc2+ 43. Rf2 Rxf2+ 44. Qxf2 Qxb4 45. e6 Qe7 46. d5 Rd8 47. Qf3 Re8 48. Qe4 Rd8 49. Qe5 Rd6 50. Kg3 Rb6 51. h4 Rb3+ 52. Kf4 Rb4+ 53. Kf3 Rb3+ 54. Kf4 Qb4+ 55. Kg5 Qd2+ 56. Kxg6 Qd3+ 57. Kh5 Qh7+ 58. Kg5 Qh6+ 59. Kf5 Qxe6+ 60. Qxe6+ Kh7 61. Qg6+ Kg8 62. Qe6+ Kh8 63. g5 1-0

[Event "AUT-ch Vor4 Internet"]
[Site "Playchess.com INT"]
[Date "2020.04.25"]
[Round "4"]
[White "Grafenberger, Dieter"]
[Black "Mittelbach, Eduard"]
[Result "1-0"]
[WhiteElo "1953"]
[BlackElo "1667"]
[PlyCount "35"]
[EventDate "2020.04.25"]
[EventType "swiss (blitz)"]
[EventRounds "9"]
[EventCountry "AUT"]
[SourceTitle "EXT 2021"]
[Source "ChessBase"]
[SourceDate "2020.10.23"]
[SourceVersion "1"]
[SourceVersionDate "2020.10.23"]
[SourceQuality "1"]

1. d4 Nf6 2. Bg5 Ne4 3. Bf4 Nc6 4. f3 Nf6 5. e4 d6 6. Bc4 Na5 7. Bd3 Bd7 8. c4 c5 9. d5 b6 10. Nc3 g6 11. Nge2 Bg7 12. 0-0 0-0 13. Qd2 Nb7 14. Bh6 Ne8 15. Bxg7 Nxg7 16. g4 e6 17. Qh6 Qf6 18. f4 1-0

[Event "AUT-ch Vor4 Internet"]
[Site "Playchess.com INT"]
[Date "2020.04.25"]
[Round "3"]
[White "Lammer, Michael"]
[Black "Grafenberger, Dieter"]
[Result "1-0"]
[WhiteElo "1499"]
[BlackElo "1953"]
[PlyCount "79"]
[EventDate "2020.04.25"]
[EventType "swiss (blitz)"]
[EventRounds "9"]
[EventCountry "AUT"]
[SourceTitle "EXT 2021"]
[Source "ChessBase"]
[SourceDate "2020.10.23"]
[SourceVersion "1"]
[SourceVersionDate "2020.10.23"]
[SourceQuality "1"]

1. e4 d6 2. Nf3 e5 3. Bc4 Be7 4. Bxf7+ Kxf7 5. 0-0 h6 6. Nc3 c6 7. a4 Nf6 8. a5 Rf8 9. a6 b6 10. d4 Nbd7 11. dxe5 dxe5 12. Nh4 Kg8 13. Ng6 Rf7 14. Nxe7+ Qxe7 15. f4 Nc5 16. fxe5 Qxe5 17. Bf4 Qe7 18. Bd6 Qe8 19. e5 Ng4 20. Rxf7 Kxf7 21. Qf3+ Kg8 22. Rf1 Be6 23. Qe2 h5 24. Rf8+ Qxf8 25. Bxf8 Rxf8 26. h3 Nh6 27. Qxh5 Nxa6 28. Qe2 Nc5 29. b4 Nd7 30. Qa6 Nxe5 31. Qxa7 b5 32. Qe7 Rf6 33. Ne4 Rg6 34. h4 Nf5 35. Qe8+ Kh7 36. Ng5+ Rxg5 37. hxg5 Nd4 38. g6+ Kh6 39. c3 Nf5 40. Qxe6 1-0

[Event "AUT-ch Vor3 Internet"]
[Site "Playchess.com INT"]
[Date "2020.04.17"]
[Round "4"]
[White "Grafenberger, Dieter"]
[Black "Friedl, Markus"]
[Result "1-0"]
[WhiteElo "1953"]
[BlackElo "1824"]
[PlyCount "79"]
[EventDate "2020.04.17"]
[EventType "swiss (blitz)"]
[EventRounds "9"]
[EventCountry "AUT"]
[SourceTitle "CBM 195 Extra"]
[Source "ChessBase"]
[SourceDate "2020.05.31"]
[SourceVersion "1"]
[SourceVersionDate "2020.05.31"]
[SourceQuality "1"]

1. e4 e5 2. Nf3 d6 3. d3 Be7 4. c3 Nc6 5. Be2 Nf6 6. Qc2 Bg4 7. Nbd2 0-0 8. 0-0 a6 9. Re1 Nd7 10. Nf1 f5 11. exf5 Bxf5 12. Ng3 Bg6 13. Qb3+ Kh8 14. Qxb7 Na5 15. Qb4 Nc6 16. Qb3 Rb8 17. Qa4 Rb6 18. Be3 Nc5 19. Bxc5 dxc5 20. Rad1 Bd6 21. Ne4 Bxe4 22. dxe4 Ne7 23. Nxe5 Ng6 24. Nxg6+ hxg6 25. e5 Qg5 26. exd6 cxd6 27. Qd7 Rxb2 28. Qh3+ Qh6 29. Qxh6+ gxh6 30. Bf3 Rxa2 31. Rxd6 Kg7 32. h3 Ra3 33. Ree6 g5 34. Rg6+ Kf7 35. Rdf6+ Ke7 36. Re6+ Kd8 37. Rxh6 Rxc3 38. Rh7 a5 39. Ra6 Kc8 40. Ra8# 1-0

[Event "AUT-ch Vor1 Internet"]
[Site "Playchess.com INT"]
[Date "2020.04.11"]
[Round "8"]
[White "Grafenberger, Dieter"]
[Black "Moerwald, Magdalena"]
[Result "0-1"]
[WhiteElo "1953"]
[BlackElo "1791"]
[PlyCount "118"]
[EventDate "2020.04.11"]
[EventType "swiss (blitz)"]
[EventRounds "9"]
[EventCountry "AUT"]
[SourceTitle "CBM 195 Extra"]
[Source "ChessBase"]
[SourceDate "2020.05.31"]
[SourceVersion "1"]
[SourceVersionDate "2020.05.31"]
[SourceQuality "1"]

1. d4 d5 2. Bg5 f6 3. Bh4 Nd7 4. e3 e6 5. Bd3 Be7 6. Qh5+ Kf8 7. Nh3 Qe8 8. Qe2 c5 9. c3 c4 10. Bc2 b5 11. Nd2 b4 12. 0-0 bxc3 13. bxc3 Nb6 14. e4 Bb7 15. f4 dxe4 16. Nxe4 Nd5 17. Nhg5 Bc8 18. Qxc4 f5 19. Nc5 Bxg5 20. fxg5 Ne3 21. Qd3 Nxf1 22. Rxf1 Ne7 23. Bb3 Ng6 24. Bg3 Kf7 25. Rxf5+ Ke7 26. Rf1 Rf8 27. Re1 Nf4 28. Qc4 Kd8 29. Bxf4 Rxf4 30. Nxe6+ Bxe6 31. Rxe6 Qd7 32. Re5 Rc8 33. Qg8+ Kc7 34. Rc5+ Kb7 35. Bd5+ Kb8 36. Rxc8+ Qxc8 37. Qxg7 Qd7 38. Qe5+ Qc7 39. Qxc7+ Kxc7 40. g3 Rf5 41. Be4 Rxg5 42. Kg2 Ra5 43. Kf3 Rxa2 44. h4 h6 45. Ke3 Ra3 46. Kd3 Kd6 47. g4 a5 48. g5 hxg5 49. hxg5 Ra1 50. g6 Rg1 51. c4 a4 52. c5+ Kc7 53. Kc4 a3 54. d5 a2 55. d6+ Kd8 56. c6 a1Q 57. c7+ Kd7 58. Bf5+ Kxd6 59. c8Q Rc1+ 0-1

[Event "Casino op 3rd"]
[Site "Velden"]
[Date "1995.??.??"]
[Round "3"]
[White "Grafenberger, Dieter"]
[Black "Fassmann, Kurt"]
[Result "1-0"]
[WhiteElo "2014"]
[BlackElo "1837"]
[PlyCount "49"]
[EventDate "1995.06.30"]
[EventType "swiss"]
[EventRounds "9"]
[EventCountry "AUT"]
[SourceTitle "EXT 2022"]
[Source "ChessBase"]
[SourceDate "2021.10.06"]
[SourceVersion "1"]
[SourceVersionDate "2021.10.06"]
[SourceQuality "1"]

1. e4 c5 2. Nf3 d6 3. d4 cxd4 4. Nxd4 Nf6 5. Nc3 a6 6. Be2 e5 7. Nb3 Be6 8. Be3 Be7 9. g4 Nc6 10. g5 Nd7 11. h4 Na5 12. f4 exf4 13. Bxf4 Nxb3 14. cxb3 Ne5 15. Qd4 0-0 16. 0-0-0 Qa5 17. Kb1 Rac8 18. Na4 Nc6 19. Qg1 d5 20. Qb6 dxe4 21. Qxb7 Rfe8 22. Nb6 Nb4 23. a3 Rc6 24. Qxe7 Rf8 25. Rd8 1-0

[Event "Casino op 3rd"]
[Site "Velden"]
[Date "1995.??.??"]
[Round "2"]
[White "Hasberger, Walter"]
[Black "Grafenberger, Dieter"]
[Result "1-0"]
[WhiteElo "1927"]
[BlackElo "2014"]
[PlyCount "47"]
[EventDate "1995.06.30"]
[EventType "swiss"]
[EventRounds "9"]
[EventCountry "AUT"]
[SourceTitle "EXT 2022"]
[Source "ChessBase"]
[SourceDate "2021.10.06"]
[SourceVersion "1"]
[SourceVersionDate "2021.10.06"]
[SourceQuality "1"]

1. e4 e5 2. Nc3 d6 3. Bc4 Nf6 4. d3 c6 5. Bg5 Be7 6. Nf3 Bg4 7. h3 Bh5 8. Bxf6 Bxf6 9. g4 Bg6 10. Qe2 Nd7 11. 0-0-0 b5 12. Bb3 a5 13. a4 b4 14. Nb1 Nc5 15. Nbd2 Bg5 16. Nxg5 Qxg5 17. h4 Nxb3+ 18. cxb3 Qf4 19. h5 Bxh5 20. Rxh5 g6 21. Rh3 c5 22. Kb1 Qf6 23. Rdh1 Rd8 24. Rxh7 1-0

[Event "Casino op 3rd"]
[Site "Velden"]
[Date "1995.??.??"]
[Round "9"]
[White "Keuschnig, Siegfried"]
[Black "Grafenberger, Dieter"]
[Result "0-1"]
[WhiteElo "1910"]
[BlackElo "2014"]
[PlyCount "110"]
[EventDate "1995.06.30"]
[EventType "swiss"]
[EventRounds "9"]
[EventCountry "AUT"]
[SourceTitle "EXT 2022"]
[Source "ChessBase"]
[SourceDate "2021.10.06"]
[SourceVersion "1"]
[SourceVersionDate "2021.10.06"]
[SourceQuality "1"]

1. e4 e5 2. Nf3 d6 3. Bc4 Be7 4. d4 exd4 5. Nxd4 Nf6 6. f3 Nbd7 7. Nf5 0-0 8. 0-0 Ne5 9. Nxe7+ Qxe7 10. Bb3 h6 11. Nc3 c6 12. Bf4 Be6 13. Qe2 Ng6 14. Bg3 Nh5 15. Rad1 Nxg3 16. hxg3 Bxb3 17. axb3 Qc7 18. Qd3 Rad8 19. f4 Rfe8 20. Rf2 Nf8 21. g4 Ne6 22. Qg3 Nc5 23. Re2 Re6 24. Rde1 Rde8 25. Qf2 b6 26. b4 Nd7 27. Qh4 Rg6 28. Kf2 b5 29. Kf3 Rf6 30. Kg3 g5 31. fxg5 d5+ 32. e5 Rg6 33. Kf2 Rxe5 34. Rxe5 Nxe5 35. gxh6 Nxg4+ 36. Ke2 Nxh6 37. Kd1 Qd7 38. Kc1 Kg7 39. Qd4+ Kh7 40. Rf1 Qe7 41. Rg1 Nf5 42. Rh1+ Rh6 43. Rxh6+ Nxh6 44. Qf2 Qxb4 45. Ne2 a5 46. c3 Qe4 47. Nd4 Qg6 48. Qe2 Nf5 49. Nf3 Qh6+ 50. Kb1 Ne3 51. Ne5 Nc4 52. Qd3+ Kg8 53. Qg3+ Kf8 54. Nd7+ Ke7 55. Qc7 Qd6 0-1